The financial Samurai : The emerging power of japanese money

Na minha lista:
Detalhes bibliográficos
Autor principal: Viner, Aron
Formato: Livro
Idioma:Undetermined
Publicado em: London Kogan Page 1988
Assuntos:
Tags: Adicionar Tag
Sem tags, seja o primeiro a adicionar uma tag!
Thư viện lưu trữ: Trung tâm Học liệu Trường Đại học Cần Thơ
LEADER 00525nam a2200205Ia 4500
001 CTU_97323
008 210402s9999 xx 000 0 und d
082 |a 332.0958 
082 |b V782 
100 |a Viner, Aron 
245 4 |a The financial Samurai : 
245 4 |b The emerging power of japanese money 
245 0 |c Aron Viner 
260 |a London 
260 |b Kogan Page 
260 |c 1988 
650 |a Japan 
650 |x Finance 
904 |i M.Loan(Tuyen) 
980 |a Trung tâm Học liệu Trường Đại học Cần Thơ